| 000 | 01356cam a2200373 a 4500 | ||
|---|---|---|---|
| 999 |
_c9301 _d9301 |
||
| 001 | 9301 | ||
| 003 | BD-JhCC | ||
| 005 | 20180312190556.0 | ||
| 008 | 830817s1984 cou b 101 0 eng | ||
| 020 |
_a0865316627 : _c$18.00 (est.) |
||
| 020 |
_a0865316635 (pbk.) : _c$8.95 (est.) |
||
| 035 | _a(BD-JhCC)9301 | ||
| 040 |
_aDLC _cDLC _dDLC _dOCoLC _dBD-JhCC |
||
| 041 | _aeng | ||
| 050 | 0 | 0 |
_aJX1974 _b.A768855 1984 |
| 082 | 0 | 0 |
_a327.1/74 _219 _bARM 1984 |
| 245 | 0 | 0 |
_aArms control and international security / _cedited by Roman Kolkowicz and Neil Joeck. |
| 260 |
_aBoulder : _bWestview Press, _c1984. |
||
| 300 |
_axiii, 157 p. ; _c24 cm. |
||
| 440 | 0 | _aWestview special studies in international relations | |
| 440 | 0 | _aStudies in international and strategic affairs series | |
| 500 | _aPapers of the Conference on International Security and Arms Control. | ||
| 500 | _aIncludes index. | ||
| 504 | _aBibliography: p. 142-145. | ||
| 650 | 0 | _aArms control. | |
| 650 | 0 | _aNuclear arms control. | |
| 650 | 0 | _aSecurity, International. | |
| 650 | 0 | _aNuclear nonproliferation. | |
| 700 | 1 | _aKolkowicz, Roman. | |
| 700 | 1 | _aJoeck, Neil. | |
| 711 | 2 |
_aConference on International Security and Arms Control _d(1983? : _cUniversity of California at Los Angeles, Center for International and Strategic Affairs) |
|
| 942 |
_2ddc _cBK |
||